|
|
|
|
| LEADER |
01001nab a2200253 i 4500 |
| 001 |
misc68499 |
| 005 |
20230201084657.0 |
| 008 |
220613s1970 hu o 0|| fre d |
| 022 |
|
|
|a 0001-6446
|
| 040 |
|
|
|a SZTE Miscellanea Repozitórium
|b hun
|
| 041 |
|
|
|a fre
|
| 041 |
|
|
|a mon
|
| 100 |
1 |
|
|a Ligeti Lajos
|
| 245 |
1 |
2 |
|a A propos de quelques textes mongols préclassiques
|h [elektronikus dokumentum] /
|c Ligeti Lajos
|
| 260 |
|
|
|c 1970
|
| 300 |
|
|
|a 251-284
|c 24 cm
|
| 300 |
|
|
|a [34] p.
|c 24 cm
|
| 490 |
0 |
|
|a Acta Orientalia Academiae Scientiarum Hungaricae;Acta Orientalia Academiae Scientiarum Hungaricae : a Magyar Tudományos Akadémia orientalisztikai közleményei
|
| 561 |
|
|
|a Németh Gyula hagyaték
|
| 591 |
|
|
|a LOA 2231;OA 3271;OA 3272;OA 3273
|
| 650 |
|
4 |
|a Bölcsészettudományok
|
| 650 |
|
4 |
|a Nyelvek és irodalom
|
| 695 |
|
|
|a Mongol nyelvemlék - 14-16. sz., Mongol nyelv - helyesírás - 15-16. sz.
|
| 856 |
4 |
0 |
|u http://misc.bibl.u-szeged.hu/68499/1/3271_oa_l66.pdf
|z Dokumentum-elérés
|